| 000 | 00800nam a22002177a 4500 | ||
|---|---|---|---|
| 999 |
_c10499 _d10499 |
||
| 003 | AR-CdUCM | ||
| 008 | 190401b ||||| |||| 00| 0 spa d | ||
| 040 |
_aMUNICIPALIDAD PROVINCIAL DEL CUSCO _cBIBLIOTECA MUNICIPAL DEL CUSCO |
||
| 082 |
_a344.5 / _bG47 / 1876 |
||
| 100 |
_aGiner, Francisco _927392 |
||
| 245 |
_aLas doctrinas fundamentales reinantes sobre el delito y la pena : _bEn sus interiores contradicciones / |
||
| 260 |
_aMadrid : _bLibreria de Victoriano Suarez, _c1876. |
||
| 300 |
_a366 paginas ; _c18 cm. |
||
| 505 | _aContenido: Teoria penal -- teoria absoluta -- teorias penales -- Advertencias -- propia conservación... | ||
| 650 |
_aDelito _95138 |
||
| 650 |
_aPenal _925590 |
||
| 650 |
_aDoctrinas _919990 |
||
| 650 |
_aDerecho _9739 |
||
| 942 |
_2ddc _cLIBROS |
||
| 945 | _apjha | ||